NDA - Billie Eilish - Statistics

General Stats
  • This quiz has been taken 75 times
  • The average score is 167 of 255
Answer Stats
Hint Answer % Correct
a
95%
you
95%
Chorus You
95%
I
94%
Outro | Verse 1 Did
92%
(ha)
92%
had
92%
save
92%
think
89%
to
89%
up
89%
in
87%
my
87%
go
85%
i'd
84%
limousine
84%
show
84%
for
82%
money
82%
(no)
82%
no
82%
an
81%
but
77%
couldn't
77%
me
77%
got
76%
NDA
76%
can
74%
he
74%
the
74%
boy
73%
let
73%
made
73%
sign
73%
him
71%
and
69%
can't
69%
over
69%
stalker
69%
stay
69%
down
68%
his
68%
street
68%
walkin'
68%
when
68%
on
66%
out
66%
pretty
66%
way
65%
havin'
63%
like
63%
yeah
63%
he'd
61%
it
61%
satan
61%
stars
61%
far
60%
he's
60%
know
60%
meet
60%
saw
60%
say
60%
so
60%
take
60%
don't
58%
keys
58%
says
58%
since
58%
too
58%
was
58%
bought
56%
hard
56%
house
56%
need
56%
seventeen
56%
haven't
55%
hit
55%
party
55%
secret
55%
crave
53%
heart
53%
took
53%
want
53%
what
53%
are
52%
now
52%
get
50%
oh
48%
dark
47%
how'd
47%
about
45%
shit
45%
sold
45%
at
44%
fun
44%
mm
44%
Verse 2 Mm
44%
where
44%
another
42%
cry
42%
didn't
42%
enough
42%
least
42%
once
42%
should
42%
shut
42%
year
42%
career
40%
disappear
40%
gave
40%
good
40%
here
40%
mouth
40%
new
40%
somethin'
40%
thought
40%
30
39%
change
39%
future
39%
gettin'
39%
hate
39%
maybe
39%
number
39%
older
39%
somewhere
39%
been
37%
i've
37%
outside
37%
barely
35%
'cause
35%
under
34%
kauai
27%
give
21%
(uh)
19%
mm - mm
10%
oh - oh
8%
mm - mm - mm
3%
oh - oh - oh
2%
(another year)
0%
(I think I hate it here)
0%
sercurity
0%
(shut his mouth, yeah)
0%
No matching quizzes found
Score Distribution
Percent of People with Each Score
Percentile by Number Answered
Your Score History
You have not taken this quiz